000 00507nam a2200181 i 4500
001 145608
003 ES-MaACL
005 20250815110839.0
007 t|
008 071015m18631865fr ||||1| fre d
100 1 _aVézian, Alexandre.
_9114247
245 1 0 _aProdrome de géologie /
_cpar Alexandre Vézian.
260 _aParis :
_bF. Savy,
_c1863-1865.
300 _a3 v. :
_bil. ;
_c22 cm.
650 1 7 _aGeología
_2embne
_913086
852 _aES-MaACL
_jG-8332-4
999 _c145608
_d145608